[Event "amistosa"]
[Site "http://www.queenalice.com/game.php?id=576209"]
[Date "2009.4.22"]
[Round "-"]
[White "kievelrs"]
[Black "ajaxclube"]
[Result "0-1"]
[WhiteElo "1703"]
[BlackElo "1569"]

1. e4 e5 2. Nf3 Nc6 3. Bc4 Be7 4. Nc3 Nf6 5. h3 d6 6. Ng5 O-O 7. g4 h6 8. Nf3
Na5 9. Bb3 Nxb3 10. axb3 d5 11. d3 dxe4 12. Nxe5 exd3 13. cxd3 Re8 14. Bf4 Bb4
15. Kf1 Qd4 16. Ra4 Qxf4 17. Nf3 Bd7 18. Ra2 Bc6 19. Kg2 Rad8 20. Ne2 Bxf3+ 21.
Kf1 Bxe2+ 22. Kg2 Qf3+ 23. Kh2 Qxf2# 0-1

[Event "CIX.TR6.06"]
[Site "http://www.queenalice.com/game.php?id=586050"]
[Date "2009.5.10"]
[Round "-"]
[White "ajaxclube"]
[Black "lafayete2000"]
[Result "0-1"]
[WhiteElo "1581"]
[BlackElo "1693"]

1. e4 e5 2. Nf3 Qf6 3. Nc3 Nc6 4. Bb5 Bb4 5. a3 Bxc3 6. bxc3 a6 7. Ba4 b5 8. Bb3
d6 9. d4 exd4 10. cxd4 Bg4 11. Bb2 Bxf3 12. Qxf3 Qxf3 13. gxf3 Na5 14. Bd5 Rb8
15. Rb1 Nf6 16. O-O Nxd5 17. exd5 O-O 18. Rfe1 Nc4 19. Re7 Nd2 20. Ra1 Nxf3+ 21.
Kg2 Nh4+ 22. Kh3 Nf5 23. Rxc7 Rbc8 24. Rxc8 Rxc8 25. c3 Ne7 26. a4 Nxd5 27. axb5
axb5 28. Ra5 Nf4+ 29. Kg4 Nd3 0-1

[Event "Amistoso CIX 2"]
[Site "http://www.queenalice.com/game.php?id=599548"]
[Date "2009.6.6"]
[Round "-"]
[White "Ozimarjr"]
[Black "ajaxclube"]
[Result "0-1"]
[WhiteElo "1160"]
[BlackElo "1579"]

1. e4 e5 2. Nf3 Nc6 3. Bb5 d6 4. O-O Nf6 5. d4 a6 6. Ba4 b5 7. Bb3 Bg4 8. Bg5
Be7 9. Nc3 Nxd4 10. h3 Bxf3 11. gxf3 Nxb3 12. axb3 Qd7 13. Nd5 Nxd5 14. Bxe7
Nxe7 15. Qd3 Qxh3 16. c4 O-O 17. cxb5 axb5 18. Rxa8 Rxa8 19. Qxb5 Qxf3 20. Qb7
Rf8 21. Qxc7 Ng6 22. Qxd6 Nh4 23. Rc1 Qg2# 0-1

[Event "Challenge"]
[Site "http://www.queenalice.com/game.php?id=605017"]
[Date "2009.6.17"]
[Round "-"]
[White "stan1"]
[Black "ajaxclube"]
[Result "1-0"]
[WhiteElo "1652"]
[BlackElo "1569"]

1. e4 e5 2. Bc4 Nf6 3. d3 Bb4+ 4. c3 Ba5 5. Nf3 Nc6 6. a4 d5 7. exd5 Nxd5 8. Bd2
O-O 9. b4 Bb6 10. a5 Bxf2+ 11. Kxf2 1-0

[Event "Challenge"]
[Site "http://www.queenalice.com/game.php?id=605018"]
[Date "2009.6.17"]
[Round "-"]
[White "ajaxclube"]
[Black "stan1"]
[Result "0-1"]
[WhiteElo "1569"]
[BlackElo "1606"]

1. e4 Nc6 2. Nf3 Nf6 3. Nc3 d5 4. d3 dxe4 5. dxe4 Qxd1+ 6. Kxd1 Bg4 7. Bf4
O-O-O+ 8. Bd3 e5 9. Bg3 h5 10. Kd2 Bxf3 0-1

[Event "Amistoso Pre-Copa"]
[Site "http://www.queenalice.com/game.php?id=787373"]
[Date "2010.6.8"]
[Round "-"]
[White "ajaxclube"]
[Black "andre2006"]
[Result "0-1"]
[WhiteElo "1586"]
[BlackElo "1921"]

1. e4 c5 2. Nc3 e6 3. Bc4 Nc6 4. Nf3 Be7 5. d4 b6 6. Bb5 a6 7. Bxc6 dxc6 8. O-O
Nf6 9. Re1 O-O 10. Bg5 cxd4 11. Nxd4 Bb7 12. Bxf6 Bxf6 13. e5 Bh4 14. Ne4 Qc7
15. Nd6 Rad8 16. Qg4 Be7 17. Nxb7 Qxb7 18. Rad1 c5 19. Nf3 f5 20. Qh3 Rxd1 21.
Rxd1 Qe4 22. Kf1 Qxc2 23. Rd2 Qc4+ 24. Ke1 Qxa2 25. Ke2 c4 26. b4 Qb1 27. Nd4
Bxb4 28. Nxe6 Bxd2 29. Kxd2 Qb2+ 30. Ke3 Qxe5+ 31. Kf3 Qe4+ 32. Kg3 Qxe6 33. Kh4
Qh6+ 34. Kg3 Qxh3+ 35. Kf4 Qxh2+ 36. Kf3 c3 0-1

[Event "Amistoso Pre-Copa 2"]
[Site "http://www.queenalice.com/game.php?id=787374"]
[Date "2010.6.8"]
[Round "-"]
[White "andre2006"]
[Black "ajaxclube"]
[Result "1-0"]
[WhiteElo "1898"]
[BlackElo "1590"]

1. d4 d5 2. e3 Nc6 3. c4 Nf6 4. Nc3 e6 5. Nf3 Bb4 6. Bd2 Bxc3 7. Bxc3 Ne4 8. Bd3
Nxc3 9. bxc3 dxc4 10. Bxc4 O-O 11. O-O Rb8 12. e4 b5 13. Bb3 a5 14. Re1 a4 15.
Bc2 Re8 16. d5 exd5 17. exd5 Na5 18. Rxe8+ Qxe8 19. d6 c5 20. Qd3 g6 21. Re1 Qf8
22. Re7 Bf5 23. Qe2 Bxc2 24. d7 b4 25. Re8 Nc6 26. Rxf8+ Rxf8 27. Qxc2 Ra8 28.
cxb4 Rb8 29. Qxc5 Rxb4 30. h4 1-0

[Event "RC x RF"]
[Site "http://www.queenalice.com/game.php?id=791611"]
[Date "2010.6.17"]
[Round "-"]
[White "RubensFigueiredo"]
[Black "ajaxclube"]
[Result "0-1"]
[WhiteElo "1575"]
[BlackElo "1583"]

1. e4 e5 2. Nf3 Nc6 3. Nc3 Nf6 4. Bc4 Be7 5. O-O O-O 6. d3 Bb4 7. Bd2 d6 8. Nd5
Bxd2 9. Qxd2 Nxd5 10. Bxd5 Nd4 11. Nxd4 exd4 12. Rfe1 c6 13. Bc4 b5 14. Bb3 a5
15. a4 b4 16. e5 dxe5 17. Rxe5 Bb7 18. Qf4 Qd6 19. Rae1 Rae8 20. g3 c5 21. Kf1
Rxe5 22. Rxe5 Qg6 23. Qg5 Qxg5 24. Rxg5 Rc8 25. Bd5 Bxd5 26. Rxd5 g6 27. Kg1 Kg7
28. c4 dxc3 29. bxc3 bxc3 30. d4 c2 0-1

[Event "A Rebelião dos Sinais"]
[Site "http://www.queenalice.com/game.php?id=821437"]
[Date "2010.8.22"]
[Round "-"]
[White "ajaxclube"]
[Black "andre2006"]
[Result "0-1"]
[WhiteElo "1599"]
[BlackElo "1968"]

1. e4 c5 2. Nf3 d6 3. Bb5+ Bd7 4. Nc3 Bxb5 5. Nxb5 Nc6 6. d4 Qa5+ 7. Nc3 cxd4 8.
Nxd4 Nxd4 9. Qxd4 e5 10. Qe3 Nf6 11. O-O Be7 12. Bd2 Qc7 13. a3 O-O 14. Rac1 b6
15. b4 Rad8 16. Nd5 Nxd5 17. exd5 f5 18. c4 f4 19. Qh3 Rf6 20. Rc3 Rh6 21. Qf5
Rf8 22. Qe4 Rff6 23. g3 Rfg6 24. Kh1 fxg3 25. Bxh6 g2+ 26. Kg1 gxf1=Q+ 27. Kxf1
Rxh6 28. Kg2 Qd7 29. Rg3 Bh4 30. Rg4 g5 31. Kh1 Qa4 32. c5 bxc5 33. bxc5 Qxa3
34. c6 Qc5 35. f4 Qc1+ 36. Kg2 Qd2+ 37. Kh3 Be1+ 38. Rh4 Rxh4# 0-1

[Event "A Rebelião dos Sinais"]
[Site "http://www.queenalice.com/game.php?id=821439"]
[Date "2010.8.22"]
[Round "-"]
[White "andre2006"]
[Black "ajaxclube"]
[Result "1-0"]
[WhiteElo "1970"]
[BlackElo "1597"]

1. d4 d5 2. e3 Nc6 3. c4 e6 4. g3 Nf6 5. cxd5 exd5 6. Bg2 Bg4 7. Ne2 Bd6 8. O-O
O-O 9. f3 Bd7 10. Nbc3 Re8 11. Qc2 Nb4 12. Qd2 c5 13. dxc5 Bxc5 14. a3 d4 15.
exd4 Bb6 16. axb4 Bb5 17. Nxb5 a6 18. Nbc3 Qe7 19. Nf4 Rad8 20. Nce2 Rd6 21. Re1
Red8 22. Kf1 Qc7 23. b3 Rxd4 24. Nxd4 Rxd4 25. Qb2 Qd7 26. Be3 Rxb4 27. Bxb6
Rxb6 28. Rad1 Qb5+ 29. Kg1 h6 30. Rd8+ Kh7 31. Qc2+ g6 32. Nxg6 Kg7 33. Bf1 Qb4
34. Red1 Rc6 35. Bc4 Qc5+ 36. Kg2 Nh5 37. Ne7 Qxe7 38. Qc3+ Nf6 39. R8d7 Qf8 40.
Rxf7+ Qxf7 41. Qb4 Qc7 42. Re1 Kg6 43. Bd3+ Kg7 44. Re7+ Qxe7 45. Qxe7+ Kh8 46.
Bc4 b5 47. Qf8+ Kh7 48. Bd3+ Ne4 49. Bxe4+ Rg6 50. Qf7+ Kh8 51. Bxg6 1-0

[Event "Challenge"]
[Site "http://www.queenalice.com/game.php?id=858673"]
[Date "2010.11.14"]
[Round "-"]
[White "Kleber_William"]
[Black "ajaxclube"]
[Result "1-0"]
[WhiteElo "1620"]
[BlackElo "1597"]

1. e4 e5 2. Nf3 Nc6 3. Bb5 d6 4. d4 a6 5. Bc4 Be7 6. dxe5 dxe5 7. Qxd8+ Bxd8 8.
Nc3 Bg4 9. h3 Bxf3 10. gxf3 Nf6 11. Be3 O-O 12. O-O-O Na5 13. Bd3 Rb8 14. Rhg1
Kh8 15. f4 Re8 16. fxe5 Rxe5 17. Bf4 Re8 18. Nd5 Nxd5 19. exd5 Rc8 20. Bf5 Ra8
21. d6 cxd6 22. Bxd6 Nc4 23. Bb4 a5 24. Bc3 b5 25. Bxg7+ Kg8 26. Bf6+ Kf8 27.
Bxd8 Rexd8 28. Rxd8+ Rxd8 29. Bxh7 Ke7 30. Re1+ Kf8 31. Bd3 a4 32. Bxc4 bxc4 33.
Re4 Rc8 34. Kd2 Kg7 35. Kc3 Kf6 36. Rxc4 Rxc4+ 37. Kxc4 Kg5 38. b3 axb3 39. cxb3
f5 40. Kd3 Kf4 41. Ke2 1-0

[Event "Torneio de Junho"]
[Site "http://www.queenalice.com/game.php?id=949973"]
[Date "2011.6.15"]
[Round "-"]
[White "ajaxclube"]
[Black "RubensFigueiredo"]
[Result "0-1"]
[WhiteElo "1609"]
[BlackElo "1664"]

1. e4 e5 2. Nf3 Nc6 3. Bc4 Nf6 4. Nc3 Bc5 5. O-O O-O 6. Re1 d6 7. a3 Bg4 8. b4
Bb6 9. d3 Nd4 10. Re3 Nxf3+ 0-1